Central Library OPAC University of Rajshahi

Geography of international trade (Record no. 6514)

MARC details
000 -LEADER
fixed length control field 00887cam a2200265I 4500
001 - CONTROL NUMBER
control field 6514
003 - CONTROL NUMBER IDENTIFIER
rucl marc code BD-RjUL
005 - DATE AND TIME OF LATEST TRANSACTION
control field 20211208234246.0
008 - FIXED-LENGTH DATA ELEMENTS--GENERAL INFORMATION
fixed length control field 140111s1967 njuab b 00010 eng
035 ## - SYSTEM CONTROL NUMBER
System control number (BD-RjUL)6555
040 ## - CATALOGING SOURCE
Original cataloging agency DLC
Transcribing agency WSU
Modifying agency SER
-- m.c.
-- BOS
-- BD-RjUL
Language of cataloging eng
041 ## - LANGUAGE CODE
Language code of text/sound track or separate title eng
082 00 - DEWEY DECIMAL CLASSIFICATION NUMBER
Edition number 23
Classification number 337
Author mark and year THG 1967
100 1# - MAIN ENTRY--PERSONAL NAME
Personal name Thoman, Richard S.,
Dates associated with a name 1919-
9 (RLIN) 20506
245 10 - TITLE STATEMENT
Title Geography of international trade
Statement of responsibility, etc. by Richard S. Thoman [and] Edgar C. Conkling.
260 ## - PUBLICATION, DISTRIBUTION, ETC. (IMPRINT)
Place of publication, distribution, etc. Englewood Cliffs, N.J. :
Name of publisher, distributor, etc. Prentice-Hall,
Date of publication, distribution, etc. 1967.
300 ## - PHYSICAL DESCRIPTION
Pagination 186 p. :
Illustrations illus., maps.
Size 23 cm.
490 0# - SERIES STATEMENT
Series statement Prentice-Hall foundations of economic geography series.
504 ## - BIBLIOGRAPHY, ETC. NOTE
Bibliography, etc Includes index.
Bibliography, etc Bibliography: p. 184-186.
650 #0 - SUBJECT ADDED ENTRY--TOPICAL TERM
Topical term or geographic name as entry element Commerce.
9 (RLIN) 20507
Topical term or geographic name as entry element International economic relations.
9 (RLIN) 20508
700 10 - ADDED ENTRY--PERSONAL NAME
Personal name Conkling, Edgar C.,
Relator term joint author.
942 ## - ADDED ENTRY ELEMENTS (KOHA)
Source of classification or shelving scheme Dewey Decimal Classification
Koha item type Books
Holdings
Lost status Source of classification or shelving scheme Damaged status Not for loan Collection code Permanent Location Current Location Shelving location Date acquired Source of acquisition Cost, normal purchase price Total Checkouts Full call number Date last seen Copy number Koha item type
  Dewey Decimal Classification   Not For Loan Non-fiction Central Library, University of Rajshahi Central Library, University of Rajshahi   05/04/1969 Zeithlinger. 25.00   337 THG 1967 11/01/2014 C-1 Books